|
|
|
|
| LEADER |
00000nam0a2200000 4500 |
| 001 |
376445 |
| 005 |
20231102012823.0 |
| 020 |
|
|
|a RU
|b 86-48466
|
| 035 |
|
|
|a (RuTPU)RU\TPU\retro\33885
|
| 035 |
|
|
|a RU\TPU\book\228165
|
| 090 |
|
|
|a 376445
|
| 100 |
|
|
|a 20221222d1986 m y0rusy5003 ca
|
| 101 |
0 |
|
|a rus
|
| 102 |
|
|
|a RU
|
| 105 |
|
|
|a y z 001zy
|
| 200 |
1 |
|
|a Ф. И. Шаляпин в Казани
|f С. В. Гольцман
|
| 210 |
|
|
|a Казань
|c Татар. кн. изд-во
|d 1986
|
| 215 |
|
|
|a 192 с.
|
| 320 |
|
|
|a Библиогр. в примеч.: с. 171-187.
|
| 600 |
|
1 |
|a Шаляпин
|b Ф. И.
|c российский певец (бас)
|f 1873-1938
|g Федор Иванович
|2 stltpush
|3 (RuTPU)RU\TPU\pers\7952
|9 1547
|
| 610 |
1 |
|
|a вокальная музыка
|
| 610 |
1 |
|
|a вокальное искусство
|
| 610 |
1 |
|
|a Россия
|
| 610 |
1 |
|
|a история
|
| 610 |
1 |
|
|a певцы
|
| 610 |
1 |
|
|a воспоминания
|
| 675 |
|
|
|a 782(092)
|v 3
|
| 675 |
|
|
|a 78.071.2
|v 3
|
| 700 |
|
1 |
|a Гольцман
|b С. В.
|g Сергей Владимирович
|
| 801 |
|
0 |
|a RU
|b RuMRKP
|c 19950704
|g psbo
|
| 801 |
|
1 |
|a RU
|b 63413507
|c 20120207
|
| 801 |
|
2 |
|a RU
|b 63413507
|c 20221222
|g RCR
|
| 942 |
|
|
|c BK
|